Kingdom Hearts Organization XIII characters. - Statistics

General Stats
  • This quiz has been taken 1,819 times
  • The average score is 11 of 14
Answer Stats
Hint Answer % Correct
Best friend to XIII (uses fire element) Axel
96%
Sora's nobody Roxas
95%
The leader of the Organization Xemnas
94%
Copy of XIII Xion
87%
Has only one eye Xigbar
84%
Resides in Castle Oblivion Marluxia
77%
Second in command Saix
77%
The only female member (uses thunder element) Larxene
74%
Wields a musical instrument (uses water element) Demyx
73%
Likes to do science experiments (uses ice element) Vexen
71%
Tries to make the beast a heartless. Xaldin
71%
Wields cards as weapons. Luxord
67%
Uses an enchanted book as a weapon Zexion
63%
Wields a giant Tomahawk Lexaeus
48%
No matching quizzes found
Score Distribution
Percent of People with Each Score
Percentile by Number Answered
Your Score History
You have not taken this quiz